Market performance of US-listed shipping IPOs : πτυχιακή εργασία
Αποθηκεύτηκε σε:
| Κύριος συγγραφέας: | |
|---|---|
| Συγγραφή απο Οργανισμό/Αρχή: | |
| Άλλοι συγγραφείς: | |
| Μορφή: | Thesis Βιβλίο |
| Γλώσσα: | English |
| Δημοσίευση: |
2014
|
| Θέματα: | |
| Διαθέσιμο Online: | http://hdl.handle.net/11610/9583 |
| Ετικέτες: |
Προσθήκη ετικέτας
Δεν υπάρχουν, Καταχωρήστε ετικέτα πρώτοι!
|
MARC
| LEADER | 00000cam a2200000 i 4500 | ||
|---|---|---|---|
| 001 | 1/47200 | ||
| 008 | 140513s2014 eng d | ||
| 035 | |l 10117614 | ||
| 040 | |a GR-MY-UA |b gre |e aacr | ||
| 041 | 0 | |a eng | |
| 082 | 0 | |a 387.51 |2 (23) | |
| 100 | 1 | |a Γιαννόπουλος, Χρήστος. | |
| 245 | 1 | 0 | |a Market performance of US-listed shipping IPOs : |b πτυχιακή εργασία / |c Χρήστος Γιαννόπουλος ; επιβλέπων: Θεόδωρος Συριόπουλος |
| 260 | |c 2014 | ||
| 300 | |a 54 σ.; |b διαγρ.; |c 30 εκ. | ||
| 502 | # | # | |a Πτυχιακή εργασία – Πανεπιστήμιο Αιγαίου, Χίος, 2014. |
| 504 | |a Περιλαμβάνει βιβλιογραφία | ||
| 650 | 0 | 0 | |a Shipping |x Finance. |
| 650 | 0 | 0 | |a Shipping |x Economic aspects. |
| 650 | 0 | 0 | |a Shipping |z United States. |
| 650 | 0 | 0 | |a Stock market. |
| 650 | 0 | 0 | |a Going public (Securities) |
| 650 | 0 | 0 | |a Dissertations, Academic |z Greece. |
| 700 | 1 | |a Συριόπουλος, Θεόδωρος. |4 ths | |
| 710 | 1 | |a Πανεπιστήμιο Αιγαίου |b Σχολή Επιστημών της Διοίκησης |b Τμήμα Ναυτιλίας και Επιχειρηματικών Υπηρεσιών - Τ.Ν.Ε.Υ. | |
| 852 | |a INST |b CHIOS |c DIATR |e 20140513 |h 387.51 ΓΙΑ |p 005200036402 |q 005200036402 |t DIE |y 23 | ||
| 852 | |a INST |b CHIOS |c DIATR |e 20140513 |h 387.51 ΓΙΑ |p 005200036403 |q 005200036403 |t DIE |y 23 | ||
| 856 | |u http://hdl.handle.net/11610/9583 | ||
| 901 | |a BIBL2-2014-2 | ||
| 909 | |a Χ |b 180374 | ||
| 909 | |a Χ |b 180375 | ||
| 924 | |a ΓΙΑΝΝΟΠΟΥΛΟΣ |b ΧΡΗΣΤΟΣ |y ΧΙΟΣ |z 2014-01 | ||
| 970 | |a ΠΑΡΟΙΚΑΚΗ |b ΒΑΣΙΛΙΚΗ |z 2014/05/13 | ||